السرية المصرفية : (رقم التسجيلة. 77848)

تفاصيل مارك
000 -LEADER
fixed length control field 02834cam a2200313 a 4500
003 - CONTROL NUMBER IDENTIFIER
control field EG-GiCUC
005 - DATE AND TIME OF LATEST TRANSACTION
control field 20250223032601.0
008 - FIXED-LENGTH DATA ELEMENTS--GENERAL INFORMATION
fixed length control field 200921s2020 ua f m 000 0 ara d
040 ## - CATALOGING SOURCE
Original cataloging agency EG-GiCUC
Language of cataloging ara
Transcribing agency EG-GiCUC
041 0# - LANGUAGE CODE
Language code of text/sound track or separate title ara
049 ## - LOCAL HOLDINGS (OCLC)
Holding library ايداع
097 ## - Thesis Degree
Thesis Level ماجستير
099 ## - LOCAL FREE-TEXT CALL NUMBER (OCLC)
Classification number Cai01.04.08.M.Sc.2020.عب.س
100 0# - MAIN ENTRY--PERSONAL NAME
Personal name عبدالحكم اسماعيـل العمار
245 12 - TITLE STATEMENT
Title السرية المصرفية :
Remainder of title دراسة مقارنة بين القانونين السورى و المصرى /
Statement of responsibility, etc. عبدالحكم اسماعيـل العمار ؛ إشراف محمد بهجت عبدالله قايد
260 ## - PUBLICATION, DISTRIBUTION, ETC.
Place of publication, distribution, etc. القاهرة :
Name of publisher, distributor, etc. عبدالحكم اسماعيـل العمار :
Date of publication, distribution, etc. 2020
300 ## - PHYSICAL DESCRIPTION
Extent 190ص ؛
Dimensions 25سم
502 ## - DISSERTATION NOTE
Dissertation note اطروحة (ماجستير) - جامعة القاهرة - كلية الحقوق - قسم القانون التجارى و البحرى
520 ## - SUMMARY, ETC.
Summary, etc. تعد السرية المصرفية سمة من سمات العمل المصرفى: بل هى السّمة الأساسية للمصرف بوصفه مؤتمناً عليها: فالتزام المصرف بحفظ بيانات العميل و عملياته المصرفية يجعله مقصدا لأموال الأشخاص الذين يحرصون على إخفاء مركزهم المالى لحقهم فى حياتهم الخاصة التى حماها لهم القانون و الدستور: و لحقهم فى الحفاظ على مصالحهم التجارية و الصناعية خشية منافسة أقرانهم من الصناعيين و التجار سواء أكان ذلك بطريقة مشروعة أم غير مشروعة. و يقوم النظام القانونى للسّر المصرفى على أساس التزام المصرف بكتمان الوقائع التى تعهد إليه بمناسبة مباشرة نشاطه، و هو التزام سلبى يمكّن المصرف: بل يوجب عليه الاحتجاج بالسّر فى مواجهة المحاولات التى تستهدف كشفه حتى لا يخل بالتزامه بالمحافظة على السّر: مما يعرضه حال الإخلال لجزاءات جنائية و مدنية و تأديبية. و لا يعد نطاق التقيد بالسّــر المصرفى مطلقاً: بل ورد عليه بعض الاستثناءات المحددة و ذلك تلبية لحاجات المصلحة العامة: و حفاظاً على حق الغير
530 ## - ADDITIONAL PHYSICAL FORM AVAILABLE NOTE
Additional physical form available note صدر ايضا كقرص مدمج
653 #4 - INDEX TERM--UNCONTROLLED
Uncontrolled term السرية
653 #4 - INDEX TERM--UNCONTROLLED
Uncontrolled term القانون السورى
653 #4 - INDEX TERM--UNCONTROLLED
Uncontrolled term القانون المصرى
700 0# - ADDED ENTRY--PERSONAL NAME
Personal name محمد بهجت عبدالله قايد :
Relator term
856 ## - ELECTRONIC LOCATION AND ACCESS
Uniform Resource Identifier <a href="http://172.23.153.220/th.pdf">http://172.23.153.220/th.pdf</a>
905 ## - LOCAL DATA ELEMENT E, LDE (RLIN)
Cataloger Nazla
Reviser Revisor
905 ## - LOCAL DATA ELEMENT E, LDE (RLIN)
Cataloger Samia
Reviser Cataloger
942 ## - ADDED ENTRY ELEMENTS (KOHA)
Source of classification or shelving scheme Dewey Decimal Classification
Koha item type Thesis
المقتنيات
Source of classification or shelving scheme Not for loan Home library Current library Date acquired Full call number Barcode Date last seen Koha item type Copy number
Dewey Decimal Classification   المكتبة المركزبة الجديدة - جامعة القاهرة قاعة الرسائل الجامعية - الدور الاول 11.02.2024 Cai01.04.08.M.Sc.2020.عب.س 01010100027332000 22.09.2023 Thesis  
Dewey Decimal Classification   المكتبة المركزبة الجديدة - جامعة القاهرة مخـــزن الرســائل الجـــامعية - البدروم 11.02.2024 Cai01.04.08.M.Sc.2020.عب.س 01020100027332000 22.09.2023 CD - Rom 27332.CD
Cairo University Libraries Portal Implemented & Customized by: Eng. M. Mohamady Contacts: new-lib@cl.cu.edu.eg | cnul@cl.cu.edu.eg
CUCL logo CNUL logo
© All rights reserved — Cairo University Libraries
CUCL logo
Implemented & Customized by: Eng. M. Mohamady Contact: new-lib@cl.cu.edu.eg © All rights reserved — New Central Library
CNUL logo
Implemented & Customized by: Eng. M. Mohamady Contact: cnul@cl.cu.edu.eg © All rights reserved — Cairo National University Library